| 000 | 01881cam a22004694i 4500 | ||
|---|---|---|---|
| 003 | PE-LiUPU | ||
| 005 | 20250731180119.0 | ||
| 008 | 150623s r 000 0 d | ||
| 035 | _a(Sirsi) a26523 | ||
| 040 |
_aPE-LiUPU _bspa _cPE-LiUPU _erda |
||
| 082 | 0 | 4 |
_a540.78 _bCh35 _221 |
| 110 | 2 | _aChemical Education Material Study | |
| 245 | 1 | 0 |
_aManual de laboratorio para química : _buna ciencia experimental / _cChemical Education Material Study. |
| 264 | 1 |
_aBarcelona : _bReverté, _c1966. |
|
| 300 |
_a159 páginas : _bilustraciones tablas, gráficos ; _c25 cm. |
||
| 336 |
_atext _2rdacontent |
||
| 337 |
_aunmediated _2rdamedia |
||
| 338 |
_avolume _2rdacarrier |
||
| 505 | 0 | _aObservación e interpretación. Precisión de las medidas. Introducción a la química. Concepto de mol: hipótesis de Avogardo. Gases. Disoluciones. Investigaciónes sobre reacciones químicas que efectan a principios básicos. Conceptos teóricos. Estructura atómica. Enlaces químicos. Estructura y propiedades. Aplicación de los principios químicos a la química discriptiva. | |
| 526 | _aSEG44 | ||
| 526 | _aSEG26 | ||
| 526 | _aP159 | ||
| 526 | _aP155 | ||
| 526 | _aP154 | ||
| 526 | _aP153 | ||
| 526 | _aP150 | ||
| 526 | _aP100 | ||
| 526 | _aP31 | ||
| 526 | _aP30 | ||
| 526 | _aP26 | ||
| 526 | _aP25 | ||
| 526 | _aP24 | ||
| 526 | _aP22 | ||
| 526 | _aP15 | ||
| 526 | _aP10 | ||
| 650 | 0 | 4 |
_aQuímica _xManuales de laboratorio. |
| 942 |
_2ddc _cBOOK |
||
| 949 |
_a540.78 Ch35 _wDEWEY _c1 _i51803 _lCCODEBUL1 _mBUL _p8.00 _r0 _sY _tBOOK _u2015-06-24 _xBIBLIOTECA _zUNKNOWN _0COMPRA _o.STAFF. Colección General |
||
| 596 | _a1 | ||
| 999 |
_a540.78 CH35 _wDEWEY _c33564 _i51803 _f2021-11-5 _g5 _lCCODEBUL1 _mBUL _p8.00 _r0 _sN _tBOOK _u2015-6-24 _xBIBLIOTECA _zUNKNOWN _0COMPRA _o.STAFF. Colección General _d33564 |
||
| 980 |
_81 _gALBERTO SANCHEZ Responsable de Automatización |
||